<?xml version="1.0" encoding="UTF-8"?>
<record
    xmlns:xsi="http://www.w3.org/2001/XMLSchema-instance"
    xsi:schemaLocation="http://www.loc.gov/MARC21/slim http://www.loc.gov/standards/marcxml/schema/MARC21slim.xsd"
    xmlns="http://www.loc.gov/MARC21/slim">

  <leader>00366nam a2200109Ia 4500</leader>
  <controlfield tag="003">yeezen</controlfield>
  <controlfield tag="005">20250916134944.0</controlfield>
  <controlfield tag="008">180222s9999||||xx |||||||||||||| ||und||</controlfield>
  <datafield tag="110" ind1=" " ind2=" ">
    <subfield code="a">&#x8CA1;&#x5718;&#x6CD5;&#x4EBA;&#x91AB;&#x9662;&#x8A55;&#x9451;&#x66A8;&#x91AB;&#x7642;&#x54C1;&#x8CEA;&#x7B56;&#x9032;&#x6703;</subfield>
  </datafield>
  <datafield tag="245" ind1=" " ind2="0">
    <subfield code="c">&#x8CA1;&#x5718;&#x6CD5;&#x4EBA;&#x91AB;&#x9662;&#x8A55;&#x9451;&#x66A8;&#x91AB;&#x7642;&#x54C1;&#x8CEA;&#x7B56;&#x9032;&#x6703;</subfield>
    <subfield code="a">&#x7FFB;&#x8F49;&#x91AB;&#x9662;&#x8A55;&#x9451;-&#x4EE5;&#x75C5;&#x4EBA;&#x70BA;&#x7126;&#x9EDE;&#x4E4B;&#x67E5;&#x8B49;&#x65B9;&#x5F0F;</subfield>
  </datafield>
  <datafield tag="942" ind1=" " ind2=" ">
    <subfield code="2">ccl</subfield>
    <subfield code="c">LNTERM</subfield>
  </datafield>
  <datafield tag="999" ind1=" " ind2=" ">
    <subfield code="c">6724</subfield>
    <subfield code="d">6724</subfield>
  </datafield>
  <datafield tag="952" ind1=" " ind2=" ">
    <subfield code="0">0</subfield>
    <subfield code="1">0</subfield>
    <subfield code="2">ccl</subfield>
    <subfield code="4">0</subfield>
    <subfield code="7">0</subfield>
    <subfield code="a">yeezen</subfield>
    <subfield code="b">yeezen</subfield>
    <subfield code="c">N007</subfield>
    <subfield code="d">2018-02-22</subfield>
    <subfield code="l">8</subfield>
    <subfield code="m">4</subfield>
    <subfield code="o">419.2 6463</subfield>
    <subfield code="p">C02337</subfield>
    <subfield code="q">2026-06-30</subfield>
    <subfield code="r">2026-01-02 00:00:00</subfield>
    <subfield code="s">2026-01-02</subfield>
    <subfield code="t">c.9</subfield>
    <subfield code="w">2018-02-22</subfield>
    <subfield code="y">LNTERM</subfield>
  </datafield>
</record>
